Los hombres de la monarquía universal / (Record no. 182147)

MARC details
000 -LEADER
campo de control de longitud fija 00991nam a2200253 i 4500
001 - NÚMERO DE CONTROL
campo de control 182147
003 - IDENTIFICADOR DE NÚMERO DE CONTROL
campo de control ES-MaACL
005 - FECHA Y HORA DE LA ÚLTIMA TRANSACCIÓN
campo de control 20231219062540.0
008 - DATOS DE LONGITUD FIJA--INFORMACIÓN GENERAL
campo de control de longitud fija 130620s2011 sp | |||||||| | spa d
020 ## - NÚMERO INTERNACIONAL ESTÁNDAR DEL LIBRO
Número Internacional Estándar del Libro 978-84-15069-21-8
080 ## - NÚMERO DE LA CLASIFICACIÓN DECIMAL UNIVERSAL
Número de la Clasificación Decimal Universal 929 (460)"14/17":354.081
080 ## - NÚMERO DE LA CLASIFICACIÓN DECIMAL UNIVERSAL
Número de la Clasificación Decimal Universal 35(460).07"15/17"
100 1# - ENTRADA PRINCIPAL--NOMBRE DE PERSONA
Nombre de persona Escudero, José Antonio.
9 (RLIN) 47686
245 14 - MENCIÓN DEL TÍTULO
Título Los hombres de la monarquía universal /
Mención de responsabilidad, etc. José Antonio Escudero.
260 ## - PUBLICACIÓN, DISTRIBUCIÓN, ETC.
Lugar de publicación, distribución, etc. Madrid :
Nombre del editor, distribuidor, etc. Real Academia de la Historia,
Fecha de publicación, distribución, etc. 2011.
300 ## - DESCRIPCIÓN FÍSICA
Extensión 287 p. ;
Dimensiones 24 cm.
500 ## - NOTA GENERAL
Nota general Incluye la transcripción de parte del manuscrito nº 174 conservado en la Biblioteca de Santa Cruz.
650 #4 - PUNTO DE ACCESO ADICIONAL DE MATERIA--TÉRMINO DE MATERIA
Término de materia o nombre geográfico como elemento de entrada Cargos públicos-
Subdivisión geográfica España-
Subdivisión de forma Historia.
9 (RLIN) 152934
651 #4 - PUNTO DE ACCESO ADICIONAL DE MATERIA--NOMBRE GEOGRÁFICO
Nombre geográfico España-
Subdivisión general Administración-
Subdivisión de forma Historia.
9 (RLIN) 152935
852 ## - LOCALIZACIÓN
Ubicación ES-MaACL
Número de control de estantería A-12719
itemnumber 189058
Sublocalización o colección R.148828
Ubicación en estantería Depósito 1
Signatura antigua Olim: N-12719
Encuadernación Donación: José Luis Abellán
903 ## - NOMBRE PERSONAL DE DONANTE
a Abellán, José Luis,
d 1933-2023
e Donante
q 1
9 176509
942 ## - ELEMENTOS DE ENTRADA SECUNDARIOS (KOHA)
Fuente del sistema de clasificación o colocación Clasificación decimal universal
Tipo de ítem Koha Libro impreso
Holdings
Estatus retirado Estado de pérdida Fuente del sistema de clasificación o colocación Estado de daño No para préstamo Biblioteca de origen Biblioteca actual Ubicación en estantería Fecha de adquisición Fuente de adquisición Total de préstamos Signatura topográfica completa Código de barras Visto por última vez Precio de reemplazo Tipo de ítem Koha
    Clasificación decimal universal     Biblioteca del Ateneo de Madrid Biblioteca del Ateneo de Madrid Depósito 1 20/06/2013 Donación   A-12719 1191416 23/02/2023 23/02/2023 Libro impreso